000 00289nam a2200121Ia 4500
008 191201s2000 xx 000 0 und d
100 _aHILLARY, Sir
245 0 _aView From the Summit
260 _aN.Delhi
_bCorgi Books
_c2000
300 _a382
650 _aGeneral Books
942 _2ddc
_cBK
999 _c3372
_d3372